Jusqu'où irez vous ? #36 (Tapez la bonne couleur) - Statistiques

Statistiques générales
  • Ce quiz a été pris 83 fois
  • Le résultat moyen est 20 sur 80
Statistiques - réponses
Hint Réponse % Correct
née le 3 avril 1977 = ?he Gardin Blanc
100%
né le 8 février 1828 = Jules ?ne Vert (Ver)
99%
née le 27 mai 1999 = Lily-? Depp Rose
96%
né le 16 avril 1952 = Michel ? Blanc
92%
né le 21 mars 1991 = Antoine ?ezmann Gris (Gri)
92%
née le 14 mai 1969 = Cate ?hett Blanc
83%
née le 24 décembre 1946 = ?lyne Bachelot Rose
83%
né le 4 février 1900 = Jacques Pré? Vert
83%
né le 19 novembre 1965 = Laurent ? Blanc
78%
née le 23 novembre 1986 = Alexandra ?nfeld Rose
75%
née le 3 novembre 1989 = Joyce ?athan Jaune (Jon)
74%
né le 25 juillet 1967 = Matt Le? Blanc
68%
né le 29 août 1949 = ?chka Bogdanoff Gris (Gri)
65%
née le 27 janvier 1979 = ?amund Pike Rose (Ros)
63%
né le 25 février 1841 = Auguste Re? noir
58%
née le 4 mars 1188 = ?he de Castille Blanc
57%
née le 4 février 1913 = ?a Parks Rose (Ros)
57%
né le 21 janvier 1947 = Michel ?asz Jaune (jon)
56%
né le 1er octobre 1930 = Philippe ?et Noir
47%
né le 10 mai 1760 = ?t de Lisle Rouge
44%
née le 5 septembre 1973 = ? McGowan Rose
43%
né le 10 octobre 1813 = Giuseppe ?di Vert (Ver)
43%
né le 20 décembre 1983 = ?ah Hill Jaune (Jon)
40%
né le 10 décembre 1996 = ?as Vingegaard Jaune (Jon)
36%
né le 5 novembre 1845 = Paul Re? noir (nouard)
36%
né le 6 février 1962 = Axl ? Rose
29%
né le 23 août 1978 = Julian Casa?as blanc
28%
née le 19 septembre 1979 = Noémie Le? noir
28%
née le 4 mars 1951 = ? Laurens Rose
28%
né le 15 novembre 1983 = Fernando ?dasco Vert (Ver)
28%
né le 25 décembre 1918 = A? el-Sadate noir (nouar)
21%
né le 4 octobre 1988 = Derrick ? Rose
18%
né le 19 octobre 1966 = ? Favreau Jaune (Jon)
15%
né le 3 juin 1962 = Frédéric Le? noir
15%
né le 26 janvier 1947 = Patrick De? vert (waere)
15%
né le 6 mai 1992 = ?as Valančiūnas Jaune (Jon)
11%
né le 20 septembre 1959 = Eric ? Blanc
8%
né le 4 août 1966 = Luc Le? blanc
8%
né le 16 septembre 1992 = Nick ?as Jaune (Jon)
8%
né le 1er juillet 1976 = Patrick Klui? vert
8%
née le 26 juin 1921 = ?te Szabo Violet
8%
née le 8 avril 1907 = ?te Leduc Violet
8%
né le 22 février 1910 = Michel Car?s rouge
4%
né le le 30 avril 1857 = Eugen ?ler Bleu
3%
né le 28 juillet 1944 = Jean-Marie Le? blanc
0%
né le 21 août 1906 = Marcel ?stein-Blanchet Bleu
0%
né le 1er décembre 1989 = Brice Mau? Bleu
0%
née le 23 octobre 1994 = Zoë ? Bleu
0%
né le 21 février 1989 = Corbin ? Bleu
0%
né le 23 février 1937 = Marc ?se Bleu
0%
né le 23 octobre 1950 = Guy ?s Bleu
0%
né le 6 octobre 1887 = Charles-Édouard Jeanneret-?, dit Le Corbusier Gris
0%
né le 10 avril 1939 = Claudio Ma? gris
0%
né le 19 octobre 1964 = Manuel Le? gris
0%
né le 3 avril 1926 = Virgil ?som Gris
0%
né le 8 février 1955 = John ?ham Gris
0%
né le 17 novembre 2003 = Baptiste ?au Jaune
0%
né le 17 mai 1911 = André ?t Jaune
0%
né le 20 avril 1754 = Paul-Henri ? Marron
0%
née le 25 mai 1984 = Emma ?e Marron
0%
né le 3 juillet 1733 = Nicolas Le? noir
0%
née le 16 juillet 1994 = Kira ? Noir
0%
né le 18 février 1969 = Vincent Rey? noir (nouard)
0%
né le 9 janvier 1982 = Tommy ? Orange
0%
né entre 1140 et 1145 = Raimbaut d'? Orange
0%
née le 7 décembre 1627 = Louise-Henriette d'? Orange
0%
né le 10 juillet 1970 = Jason ? Orange
0%
née le 17 avril 2001 = Violette D? orange
0%
née le 24 mai 1978 = Keren Meloul, dite ? Rose
0%
né le 9 novembre 1825 = Amb? Powell Hill rose
0%
né le 26 septembre 1980 = Aurélien ?rie Rouge
0%
né le 27 avril 1867 = Frédéric ? Rouge
0%
née 22 janvier 1999 = Aliénor ?ot Rouge
0%
né le 23 avril 1914 = André Le ? Vert
0%
né le 25 août 1994 = Caris Le? Vert
0%
né le 24 avril 1987 = Jan ?onghen Vert
0%
né le 8 mars 1889 = Alexandre ?inski Vert
0%
né en 1684 = George ?ue Vert
0%
né le 2 octobre 1973 = ?ka Serduchka Vert (Ver)
0%
née le 31 août 1876 = ? Gibson Violet
0%
Aucun quiz correspondant
Distribution des résultats
% des personnes avec chaque résultat
Percentile par nombre de réponses
Votre historique - résultats
Vous n’avez pas pris ce quiz